02074nam a22003377a 4500003000900000005001700009007000300026008002900029020001800058040003100076082002600107100004600133245015200179260000600331264004500337300003100382336002700413337003300440338002800473500007000501504003900571505084200610590002901452650001301481650001601494700003701510910004001547942001201587952012001599999001701719DO-SdBPM20260128125823.0ta210715b2018 dr 00| 0 eng d a9789945091564 aDO-SdBPMbspacBPMSU drda 4a265.1bC957a 20212221 aCruz, José Darío de laeautor 4aut. 10aAquí hay agua :b¿Qué impide que yo sea bautizado? /cJosé Darío de la Cruz ; edición Manolo Patrocino ; prólogo Elvis Samuel Medina. c  aSanto Domingo : bEditora Búho, c2021 a124 páginas ; c22 cm.  atextobtxt2rdacontent asin mediaciónbn2rdamedia avolumenbnc2rdacarrier aIncluye datos biográficos del autor en la solapa de la cubierta aBibliografía : páginas 123-1242 aDedicatoria, 11.-- Agradecimientos, 13.-- Prólogo / Elvis Samuel Medina, 15.-- Introducción, 19.--La iglesia bautizando, 23.-- La iglesia, 29.-- Los beneficios del bautismo, 35.-- El bautismo: las experiencias de los apóstoles, 39.-- Las enseñanzas de Pablo sobre el bautismo, 43.-- El bautismo en los escritos de Pedro, 49.-- El bautismo en los escritos de Juan, 53.-- Niveles de conocimiento sobre el bautismo, 57.-- El bautismo en la Era Patrística, 61.-- El bautismo en la Era de la Reforma, 67.-- El bautismo en la Era contemporánea, 71.-- Valores espirituales generados por el bautismo, 81.-- El bautismo en las iglesias de América Latina, 89.-- El bautismo cristiano en las iglesias evangélicas de la República Dominicana, 95.-- Aquí hay agua, 99.-- La pregunta del Eunuco, 109.-- Matrimonio vs. Bautismo, 115. aInventariado, 2026 /VM  7aBautismo 7aSacramentos1 aMedina, Elvis Samuel,eprólogo aVMateo V. Control de calidad BPMSU  2ddccBK 00102ddc708CDaBPMETbBPMETd2026-01-28l0oBPMSU CD 265.1 C957a 2021pBPMSU26010064r2026-01-28w2026-01-28yBK c15637d15637